000 00821nam a2200217 i 4500
001 12643
003 ES-MaACL
005 20250718030730.0
007 t|
008 950526s1982 sp a |||| | spa j
080 _a860-146.2(082.2)
245 0 0 _aRomances tradicionales
_b: Canarias : (antología de romances recogidos en la tradición oral moderna) /
_cedición, selección y prólogo de Maximiano Trapero.
260 _aLas Palmas de Gran Canaria :
_bInstituto Canario de Etnografía y Folklore,
_c1982.
300 _a84 p. :
_bil. ;
_c22 cm.
500 _aÍndice.
650 4 _aRomances-
_zCanarias.
_916934
700 1 _aTrapero, Maximiano,
_d1945-
_9111229
710 2 _aInstituto Canario de Etnografía y Folklore (Las Palmas de Gran Canaria)
_94805
852 _aES-MaACL
_jL-20079
999 _c12643
_d12643